Jadrová energia na vzostupe

Nárast spotreby energií vo svete. Výstavba jadrových elektrární je na vzostupe napriek protestom ochranárov. Viac jadrových elektrární sa stavia ako zatvára. Výroba elektrickej energie v jadrových elektrárňach v Nemecku, Veľkej Británii, Francúzsku a Taliansku. Jadrové reaktory vo výstavbe.

Salvato in:
Dettagli Bibliografici
Autore principale: Slovák, Kristian
Natura: Capitolo di libro
Lingua:slovacco
Soggetti:
Tags: Aggiungi Tag
Nessun Tag, puoi essere il primo ad aggiungerne!!

MARC

LEADER 00000naa$a2200000$$$4500
001 0030292
005 20231009081614.8
041 0 |a slo 
044 |a SK 
245 1 0 |a Jadrová energia na vzostupe  |c Kristian Slovák 
520 |a Nárast spotreby energií vo svete. Výstavba jadrových elektrární je na vzostupe napriek protestom ochranárov. Viac jadrových elektrární sa stavia ako zatvára. Výroba elektrickej energie v jadrových elektrárňach v Nemecku, Veľkej Británii, Francúzsku a Taliansku. Jadrové reaktory vo výstavbe. 
610 2 0 |a energia atómová 
610 2 0 |a energia elektrická 
610 2 0 |a reaktory 
610 2 0 |a výstavba investičná 
610 2 0 |a spotreba energie 
610 2 0 |a Európa 
100 1 |a Slovák, Kristian